000 01916nam a2200337 i 4500
001 000045902
003 DO-SdBNP
005 20260220093355.0
007 ta
008 150526s2015 dr a 000 0dspa d
040 _aDO-SdBNP
_bspa
_cBNPHU
_erda
041 _hspa
082 4 _a248.4
_bB533g
_222
100 1 _aBerroa Bello, Alejandro,
_d1971-
_eautor
_4aut.
_973967
245 1 0 _aGrandes razones para vivir /
_cAlejandro Berroa Bello ; prólogo, María Rosa Montisano.
264 1 _aSanto Domingo :
_bAmigo del hogar,
_c2015.
300 _a170 páginas :
_bilustraciones ;
_c21 cm.
336 _atexto
_btxt
_2rdacontent
337 _asin mediación
_bn
_2rdamedia
338 _avolumen
_bnc
_2rdacarrier
500 _aIncluye datos biográficos del autor en la solapa de la cubierta.
505 1 _aDedicatoria.--
_t Agradecimento.--
_tPrólogo.--
_tVoces.--
_tI.- Punto de partida :
_uEl hombre dolor.
_tII.- Primera razón para vivir :
_uTu vida es un don de Dios.-
_tIII.- Segunda razón para vivir :
_uTu familia no quiere perderte.-
_tIV.- Tercera razón para vivir :
_uTú puedes superarlo
_tV.- Cuarta razón para vivir :
_uTu país cuenta contigo.-
_tVI.- Quinta razón para vivir :
_uTu gente necesita de tí.-
_tVII.- Sexta razón para vivir :
_uLa naturaleza quiere hablarte.-
_tVIII.- Séptima razón para vivir :
_uTus amigos vendrán a verte.-
_tIX.- Octava razón para vivir :
_uLa convivencia te hará bien.-
_tX.- Novena razón para vivir :
_uTu historia apenas comienza.-
_tXI.- Décima razón para vivir :
_uDios sigue ahí.
590 _aLa biblioteca posee tres (3) ejemplares autografíados por el autor.
590 _aInventariado, 2021/MFF
650 4 _aVida espiritual
_9268
650 4 _aSuperación personal
_910825
650 7 _aConducta de vida
_2LIBRUNAM
_911947
700 1 _aMontisano, María Rosa,
_eprologuista
_4pr.
_978380
910 _aValidado. Control de calidad MFF
942 _2ddc
_cLBS1
999 _c45391
_d45391